[Event "DEM U16w 2008"]
[Site "Willingen GER"]
[Date "2008.05.11"]
[Round "1"]
[White "Endress, Anna"]
[Black "Wisheckel, Lena"]
[Result "1-0"]
[Termination "normal"]
[Board "1"]
[WhiteElo "2038"]
[BlackElo "1702"]
[PlyCount "63"]
[WhiteFideId "24629472"]
[BlackFideId "24691992"]
[EventCountry "GER"]
[EventRounds "9"]
[EventType "swiss"]
[EventDate "2008.05.10"]

1. e4 e5 2. Bc4 Nf6 3. d3 Nc6 4. Nf3 Bc5 5. c3 d6 6. O-O a6 7. Bb3 O-O 8. Nbd2
Be6 9. Bc2 Ba7 10. h3 h6 11. Re1 Re8 12. Nf1 Nh7 13. d4 exd4 14. cxd4 Nb4 15.
Bb3 a5 16. a3 Na6 17. Ng3 Ng5 18. Nxg5 hxg5 19. d5 Bd7 20. Qf3 Nc5 21. Bc2 b5
22. Bd2 a4 23. Qh5 f6 24. e5 dxe5 25. Qh7+ Kf8 26. Bg6 Nd3 27. Ne4 Bxf2+ 28.
Kh1 Be6 29. dxe6 Bxe1 30. Qh8+ Ke7 31. Qxg7+ Kxe6 32. Qf7# 1-0

[Event "DEM U16w 2008"]
[Site "Willingen GER"]
[Date "2008.05.11"]
[Round "1"]
[White "Voss, Chantal"]
[Black "Bochis, Julia"]
[Result "1/2-1/2"]
[Termination "normal"]
[Board "2"]
[WhiteElo "1951"]
[BlackElo "1916"]
[PlyCount "118"]
[WhiteFideId "4664906"]
[BlackFideId "24647276"]
[EventCountry "GER"]
[EventRounds "9"]
[EventType "swiss"]
[EventDate "2008.05.10"]

1. d4 Nf6 2. c4 c5 3. d5 e6 4. Nc3 exd5 5. cxd5 d6 6. e4 g6 7. Be2 Bg7 8. Nf3
O-O 9. Qc2 Re8 10. Nd2 Nbd7 11. O-O Ne5 12. f4 Neg4 13. Qd3 Nh5 14. Bxg4 Bxg4
15. Nf3 f5 16. Ng5 fxe4 17. Ngxe4 Bf5 18. Qf3 Nf6 19. Ng3 Ng4 20. Nxf5 gxf5 21.
Bd2 Kh8 22. Rae1 Bd4+ 23. Kh1 Qh4 24. Rxe8+ Rxe8 25. h3 a6 26. b3 b5 27. Nd1 b4
28. a3 a5 29. a4 Re4 30. Bc1 Kg8 31. Bd2 Kf7 32. Bc1 Nf6 33. Qd3 Re1 34. Bd2
Rxf1+ 35. Qxf1 Ne4 36. Be1 Ng3+ 37. Bxg3 Qxg3 38. Qe2 Qxf4 39. Qe6+ Kg7 40.
Qe7+ Kg6 41. Qe8+ Kf6 42. Qe6+ Kg5 43. Qg8+ Kh6 44. Qe6+ Kh5 45. Qf7+ Kg5 46.
Qg8+ Kh4 47. Qxh7+ Kg5 48. Qg8+ Kh6 49. Qe6+ Kh7 50. Qf7+ Bg7 51. Qh5+ Bh6 52.
Qf7+ Kh8 53. Qe8+ Kg7 54. Qe7+ Kg6 55. Qe6+ Kg5 56. Qe7+ Kh5 57. Qe2+ Kh4 58.
Qe1+ Kh5 59. Qe2+ Kg6 1/2-1/2

[Event "DEM U16w 2008"]
[Site "Willingen GER"]
[Date "2008.05.11"]
[Round "1"]
[White "Frey, Alisa"]
[Black "Kinzel, Tiffany"]
[Result "1-0"]
[Termination "normal"]
[Board "3"]
[WhiteElo "1906"]
[BlackElo "1659"]
[PlyCount "83"]
[WhiteFideId "24634662"]
[BlackFideId "4633741"]
[EventCountry "GER"]
[EventRounds "9"]
[EventType "swiss"]
[EventDate "2008.05.10"]

1. d4 d5 2. c4 e6 3. Nc3 Nf6 4. cxd5 exd5 5. Bg5 Nbd7 6. e3 c6 7. Qc2 Qa5 8.
Bd3 Bb4 9. Nge2 O-O 10. O-O Re8 11. a3 Be7 12. b4 Qd8 13. b5 cxb5 14. Nxb5 Rf8
15. Nc7 Rb8 16. Bf4 a6 17. Nc3 Nh5 18. N7xd5 Nxf4 19. Nxf4 Nf6 20. a4 b6 21.
Rab1 Bb7 22. Qb3 Bc8 23. Rfc1 Bd6 24. Nfe2 Bc7 25. e4 h6 26. e5 Ne8 27. f4 Bb7
28. Be4 Kh8 29. Bxb7 Rxb7 30. d5 Bb8 31. Nd4 Qh4 32. Nce2 g5 33. Qg3 Qh5 34.
Qf3 Qxf3 35. Nxf3 gxf4 36. Nxf4 Ng7 37. Rc6 Ba7 38. Rxh6+ Kg8 39. Kf1 Rd8 40.
a5 bxa5 41. Rxb7 Nf5 42. Rxa6 1-0

[Event "DEM U16w 2008"]
[Site "Willingen GER"]
[Date "2008.05.11"]
[Round "1"]
[White "Niemeyer, Sarah"]
[Black "Blübaum, Johanna"]
[Result "0-1"]
[Termination "normal"]
[Board "4"]
[WhiteElo "1649"]
[BlackElo "1868"]
[PlyCount "58"]
[WhiteFideId "24692000"]
[BlackFideId "24647373"]
[EventCountry "GER"]
[EventRounds "9"]
[EventType "swiss"]
[EventDate "2008.05.10"]

1. e4 e6 2. d4 d5 3. exd5 exd5 4. Nf3 Bg4 5. c4 Bb4+ 6. Nc3 Ne7 7. Be2 O-O 8.
O-O dxc4 9. Bxc4 Nbc6 10. Be2 Rb8 11. Ne5 Bxe2 12. Nxe2 Qd5 13. Nf3 Rfd8 14.
Be3 Qf5 15. Ng3 Qg4 16. Qb3 Nd5 17. Ne5 Qe6 18. Nf3 Nce7 19. Rfd1 c6 20. Bd2
Bd6 21. Re1 Qd7 22. Ne5 Qc7 23. Nh5 Nf5 24. Qd3 Nde7 25. Qc3 Ng6 26. Nf4 Nxf4
27. Bxf4 f6 28. Qb3+ Kf8 29. Qh3 Nxd4 0-1

[Event "DEM U16w 2008"]
[Site "Willingen GER"]
[Date "2008.05.11"]
[Round "1"]
[White "Penne, Bo"]
[Black "Micklich, Rahel"]
[Result "1-0"]
[Termination "normal"]
[Board "5"]
[WhiteElo "1854"]
[BlackElo "1786"]
[PlyCount "99"]
[WhiteFideId "24642193"]
[BlackFideId "24639184"]
[EventCountry "GER"]
[EventRounds "9"]
[EventType "swiss"]
[EventDate "2008.05.10"]

1. e4 c5 2. Nf3 d6 3. Bb5+ Nc6 4. O-O Qb6 5. Bxc6+ Qxc6 6. Re1 Bg4 7. h3 Bh5 8.
c3 d5 9. d3 Rd8 10. Qe2 e6 11. Nbd2 Bd6 12. Nf1 h6 13. g4 Bg6 14. Nh4 Ne7 15.
f4 h5 16. g5 Kd7 17. Bd2 Kc8 18. Rac1 Kb8 19. Nh2 Qb6 20. b3 dxe4 21. dxe4 Bc7
22. N2f3 Qd6 23. Rcd1 Qd3 24. Qxd3 Rxd3 25. Re3 Rhd8 26. Rxd3 Rxd3 27. Re1 Kc8
28. Kf2 b5 29. Re2 a5 30. Kg2 Kb7 31. Kf2 Kc6 32. Ng2 c4 33. bxc4 bxc4 34. Nge1
Rd7 35. Nc2 Bb6+ 36. Kf1 a4 37. Na3 Rd3 38. Ne5+ Kc5 39. Nxd3+ cxd3 40. Re1 Kc6
41. Nc4 Bc5 42. Nb2 a3 43. Nxd3 Nc8 44. Nxc5 Kxc5 45. Bc1 Kc4 46. Bxa3 Nb6 47.
Bb4 Kd3 48. Kf2 Nc4 49. Rd1+ Kc2 50. Rd4 1-0

[Event "DEM U16w 2008"]
[Site "Willingen GER"]
[Date "2008.05.11"]
[Round "1"]
[White "Dorn, Carina"]
[Black "Mijatovic, Andrea"]
[Result "1-0"]
[Termination "normal"]
[Board "6"]
[WhiteElo "1782"]
[BlackElo "1864"]
[PlyCount "85"]
[WhiteFideId "24666335"]
[BlackFideId "14514524"]
[EventCountry "GER"]
[EventRounds "9"]
[EventType "swiss"]
[EventDate "2008.05.10"]

1. d4 d5 2. c4 Nc6 3. Nc3 Nf6 4. Bg5 dxc4 5. e3 e5 6. d5 Nb4 7. Bxc4 Bf5 8. e4
Bd7 9. a3 Na6 10. Bxa6 bxa6 11. Nf3 Bd6 12. O-O O-O 13. Qe2 a5 14. Qa6 a4 15.
Rfe1 Qb8 16. Nxa4 Qb3 17. Nc3 Qxb2 18. Qa5 Rfc8 19. Rab1 Qc2 20. Bxf6 gxf6 21.
Red1 Rab8 22. Ne1 Bb4 23. Qxb4 Qxd1 24. Nxd1 Rxb4 25. Rxb4 f5 26. exf5 Bxf5 27.
Ne3 Bg6 28. Nf3 f6 29. h3 c5 30. dxc6 Rxc6 31. Rb8+ Kf7 32. Rb7+ Ke6 33. Rxa7
Rc1+ 34. Kh2 e4 35. Ra6+ Kf7 36. Nh4 Rc5 37. Nxg6 hxg6 38. a4 f5 39. g3 g5 40.
Rb6 f4 41. gxf4 gxf4 42. Ng4 f3 43. Rb4 1-0

[Event "DEM U16w 2008"]
[Site "Willingen GER"]
[Date "2008.05.11"]
[Round "1"]
[White "Stitterich, Nadine"]
[Black "Lingl, Xenia"]
[Result "1-0"]
[Termination "normal"]
[Board "7"]
[WhiteElo "1860"]
[BlackElo "1633"]
[PlyCount "81"]
[WhiteFideId "24676527"]
[EventCountry "GER"]
[EventRounds "9"]
[EventType "swiss"]
[EventDate "2008.05.10"]

1. e4 e6 2. d3 d5 3. Nd2 Nf6 4. Ngf3 b6 5. e5 Nfd7 6. d4 f6 7. Bd3 Nc6 8. Bb5
Bb7 9. exf6 Qxf6 10. Nf1 h6 11. Ne3 Bd6 12. c3 a6 13. Bd3 Ne7 14. Ng4 Qf7 15.
O-O O-O-O 16. Qe2 a5 17. Re1 Nf8 18. Nge5 Qh5 19. Bf4 g5 20. Bg3 Nf5 21. Qc2 g4
22. Bxf5 exf5 23. Nd2 Ne6 24. f4 Rhe8 25. Nf1 Nf8 26. Ne3 Ng6 27. Qxf5+ Qxf5
28. Nxf5 Bxe5 29. fxe5 h5 30. Bh4 Nxh4 31. Nxh4 Rf8 32. Rf1 Rxf1+ 33. Rxf1 Rh8
34. g3 Kd7 35. Re1 Ke6 36. Ng6 Rd8 37. Nf4+ Ke7 38. Nxh5 c6 39. Nf6 Bc8 40. Rf1
c5 41. Rf4 1-0

[Event "DEM U16w 2008"]
[Site "Willingen GER"]
[Date "2008.05.11"]
[Round "1"]
[White "Velina, Valeria"]
[Black "Smolkina, Milana"]
[Result "0-1"]
[Termination "normal"]
[Board "8"]
[WhiteElo "1565"]
[BlackElo "1871"]
[PlyCount "44"]
[WhiteFideId "24677345"]
[BlackFideId "24618780"]
[EventCountry "GER"]
[EventRounds "9"]
[EventType "swiss"]
[EventDate "2008.05.10"]

1. e4 c5 2. Nf3 d6 3. d4 cxd4 4. Nxd4 Nf6 5. Nc3 g6 6. Be3 Bg7 7. f3 O-O 8. Qd2
Nc6 9. O-O-O d5 10. Nxc6 bxc6 11. exd5 cxd5 12. Nxd5 Nxd5 13. Qxd5 Qc7 14. Qc5
Qb8 15. Bd4 Bf5 16. Bd3 Rc8 17. Qa3 Bxd4 18. Bxf5 Qf4+ 19. Kb1 Qxf5 20. Rxd4
Qxc2+ 21. Ka1 Qc1+ 22. Rxc1 Rxc1# 0-1

[Event "DEM U16w 2008"]
[Site "Willingen GER"]
[Date "2008.05.11"]
[Round "1"]
[White "Kohm, Vanessa"]
[Black "Sonnhalter, Stella"]
[Result "1-0"]
[Termination "normal"]
[Board "9"]
[WhiteElo "1773"]
[BlackElo "1530"]
[PlyCount "107"]
[WhiteFideId "4674472"]
[BlackFideId "4624815"]
[EventCountry "GER"]
[EventRounds "9"]
[EventType "swiss"]
[EventDate "2008.05.10"]

1. d4 Nf6 2. c4 e6 3. Nc3 Bb4 4. Bd2 b6 5. Nf3 Bb7 6. e3 O-O 7. Be2 Bxc3 8.
Bxc3 Ne4 9. O-O d6 10. Qc2 Nd7 11. Rfd1 d5 12. Rac1 Rc8 13. Qb1 c5 14. b4 Ba8
15. Ba1 Qe7 16. a3 Rb8 17. Nd2 Nxd2 18. Rxd2 Nf6 19. Bf3 Rfc8 20. dxc5 bxc5 21.
Be5 Rb6 22. Bxf6 Qxf6 23. cxd5 exd5 24. Bxd5 Rd6 25. Qa2 Rcd8 26. e4 cxb4 27.
axb4 Qe7 28. Rcd1 Bxd5 29. Rxd5 Rxd5 30. Rxd5 Rxd5 31. Qxd5 Qxb4 32. Qa8+ Qf8
33. Qxa7 g6 34. Qd4 Qe7 35. g3 f6 36. Qd5+ Kf8 37. Kg2 Qa3 38. e5 fxe5 39. Qxe5
Qa8+ 40. Kh3 Qc8+ 41. g4 Kf7 42. Kg3 Qc2 43. Qd5+ Kg7 44. Qd4+ Kg8 45. Kh4 Qe2
46. Kg5 Qe7+ 47. Qf6 Qc5+ 48. Kh6 Qc1+ 49. f4 Qc7 50. Qe6+ Kf8 51. Qe5 Qd7 52.
Qh8+ Ke7 53. Qxh7+ Kd6 54. Qxd7+ 1-0

[Event "DEM U16w 2008"]
[Site "Willingen GER"]
[Date "2008.05.11"]
[Round "1"]
[White "Begeluri, Nino"]
[Black "Hohmann, Louisa"]
[Result "0-1"]
[Termination "normal"]
[Board "10"]
[WhiteElo "1522"]
[BlackElo "1751"]
[PlyCount "72"]
[EventCountry "GER"]
[EventRounds "9"]
[EventType "swiss"]
[EventDate "2008.05.10"]

1. e4 c5 2. Nf3 Nc6 3. d4 cxd4 4. Nxd4 Nf6 5. Nc3 e5 6. Ndb5 d6 7. Bg5 a6 8.
Bxf6 gxf6 9. Na3 b5 10. Nd5 f5 11. Bd3 Be6 12. c3 Bg7 13. Nc2 Bxd5 14. exd5 Ne7
15. Ne3 e4 16. Bc2 b4 17. Ba4+ Kf8 18. cxb4 Bxb2 19. Rb1 Bc3+ 20. Kf1 f4 21.
Qb3 Bg7 22. Nc4 Rc8 23. b5 e3 24. Rc1 Nxd5 25. Ke2 f3+ 26. gxf3 Nf4+ 27. Ke1
exf2+ 28. Kf1 Qh4 29. Qe3 Qh3+ 30. Kxf2 Qg2+ 31. Ke1 Qxh1+ 32. Kd2 Qxh2+ 33.
Kd1 Re8 34. Ne5 Rxe5 35. Rc8+ Ke7 36. Qa7+ Kf6 0-1

[Event "DEM U16w 2008"]
[Site "Willingen GER"]
[Date "2008.05.11"]
[Round "1"]
[White "Nguyen Minh, Thuy"]
[Black "Schöbel, Ulrike"]
[Result "1-0"]
[Termination "normal"]
[Board "11"]
[WhiteElo "1758"]
[BlackElo "1258"]
[PlyCount "61"]
[WhiteFideId "24672688"]
[EventCountry "GER"]
[EventRounds "9"]
[EventType "swiss"]
[EventDate "2008.05.10"]

1. e4 d5 2. exd5 Qxd5 3. Nc3 Qa5 4. d4 Bf5 5. Bc4 c6 6. Nge2 Nf6 7. O-O e6 8.
Ng3 Bg6 9. Re1 Be7 10. Qe2 Nd5 11. Bxd5 cxd5 12. Qe5 O-O 13. Nxd5 Qd8 14. Nxe7+
Qxe7 15. c3 Nc6 16. Qe2 Rad8 17. Bf4 Qf6 18. Qe3 h6 19. Ne4 Bxe4 20. Qxe4 Rd5
21. Rad1 Rc8 22. Bg3 b5 23. Be5 Qd8 24. Qg4 g6 25. Qf3 a6 26. Bf6 Qd7 27. Qe3
Kh7 28. Qc1 Na5 29. Re4 Rh5 30. g4 Rh3 31. Kg2 1-0

[Event "DEM U16w 2008"]
[Site "Willingen GER"]
[Date "2008.05.11"]
[Round "1"]
[White "Wild, Katharina"]
[Black "Rolfs, Rebecca"]
[Result "1-0"]
[Termination "normal"]
[Board "13"]
[WhiteElo "1882"]
[BlackElo "1215"]
[PlyCount "107"]
[WhiteFideId "24678015"]
[BlackFideId "24658219"]
[EventCountry "GER"]
[EventRounds "9"]
[EventType "swiss"]
[EventDate "2008.05.10"]

1. c4 e5 2. Nc3 Nc6 3. g3 Bc5 4. Bg2 d6 5. Nf3 Be6 6. d3 Nf6 7. a3 a6 8. Bd2
O-O 9. O-O Qd7 10. b4 Bb6 11. Re1 Bh3 12. Bh1 Rae8 13. b5 axb5 14. cxb5 Ne7 15.
a4 Ng4 16. e3 d5 17. Ng5 Nf6 18. Nxh3 Qxh3 19. Bg2 Qf5 20. a5 Ba7 21. Qb1 Qe6
22. Na4 Nc8 23. Rc1 Qd6 24. Bb4 Qd7 25. Bxf8 Rxf8 26. Nc5 Bxc5 27. Rxc5 b6 28.
axb6 cxb6 29. Rc6 Qb7 30. Qc2 h6 31. Rc7 Qb8 32. Qc6 Ne8 33. Rxc8 Qd6 34. Qxd6
Nxd6 35. Rxf8+ Kxf8 36. Bxd5 Nxb5 37. Ra8+ Ke7 38. Rb8 Nc7 39. Bc4 f6 40. Rxb6
g6 41. Rc6 Ne8 42. Re6+ Kf7 43. Rxe5+ Kf8 44. Ra5 f5 45. d4 h5 46. d5 Nf6 47.
Ra6 Kg7 48. d6 Kf8 49. Ra8+ Kg7 50. Ra7+ Kf8 51. Rf7+ Ke8 52. Rxf6 Kd7 53. Bb5+
Kd8 54. Rf8# 1-0

[Event "DEM U16w 2008"]
[Site "Willingen GER"]
[Date "2008.05.11"]
[Round "2"]
[White "Smolkina, Milana"]
[Black "Endress, Anna"]
[Result "0-1"]
[Termination "normal"]
[Board "1"]
[WhiteElo "1871"]
[BlackElo "2038"]
[PlyCount "58"]
[WhiteFideId "24618780"]
[BlackFideId "24629472"]
[EventCountry "GER"]
[EventRounds "9"]
[EventType "swiss"]
[EventDate "2008.05.10"]

1. e4 c5 2. Nf3 e6 3. d4 cxd4 4. Nxd4 Nf6 5. Nc3 d6 6. g4 h6 7. Be3 Nc6 8. f3
a6 9. Qd2 d5 10. exd5 Nxd5 11. Nxd5 Qxd5 12. Bg2 Be7 13. Qf2 Nxd4 14. Bxd4 Bh4
15. Qxh4 Qxd4 16. Qf2 Qe5+ 17. Qe2 Qxb2 18. O-O Bd7 19. f4 Bb5 20. Qe4 Bxf1 21.
Rxf1 Rd8 22. Qxb7 Qxb7 23. Bxb7 a5 24. Bc6+ Ke7 25. Ba4 Rd4 26. Bb5 Rb8 27. a4
g5 28. fxg5 Rxg4+ 29. Kh1 hxg5 0-1

[Event "DEM U16w 2008"]
[Site "Willingen GER"]
[Date "2008.05.11"]
[Round "2"]
[White "Kohm, Vanessa"]
[Black "Frey, Alisa"]
[Result "0-1"]
[Termination "normal"]
[Board "2"]
[WhiteElo "1773"]
[BlackElo "1906"]
[PlyCount "62"]
[WhiteFideId "4674472"]
[BlackFideId "24634662"]
[EventCountry "GER"]
[EventRounds "9"]
[EventType "swiss"]
[EventDate "2008.05.10"]

1. d4 Nf6 2. c4 e6 3. Nf3 b6 4. g3 Ba6 5. e3 Bb4+ 6. Bd2 Be7 7. Nc3 d5 8. b3
O-O 9. Qc2 Bb7 10. Bg2 Nbd7 11. O-O c5 12. cxd5 Nxd5 13. Qb2 Rc8 14. Rac1 Nb4
15. Qb1 Ba6 16. Rfd1 Bd3 17. Qa1 Nc2 18. Qb1 cxd4 19. exd4 Ne1 20. Qb2 Nxg2 21.
Kxg2 Nf6 22. Bf4 Ba6 23. Ne1 Bb7+ 24. f3 Nd5 25. Nxd5 Qxd5 26. Qe2 Ba3 27. Rc2
Rfd8 28. Qf2 Bb4 29. Rxc8 Rxc8 30. Nd3 Rc2 31. Bd2 Rxd2 0-1

[Event "DEM U16w 2008"]
[Site "Willingen GER"]
[Date "2008.05.11"]
[Round "2"]
[White "Hohmann, Louisa"]
[Black "Penne, Bo"]
[Result "0-1"]
[Termination "normal"]
[Board "4"]
[WhiteElo "1751"]
[BlackElo "1854"]
[PlyCount "134"]
[BlackFideId "24642193"]
[EventCountry "GER"]
[EventRounds "9"]
[EventType "swiss"]
[EventDate "2008.05.10"]

1. e4 e6 2. d4 d5 3. Nd2 Be7 4. e5 Nh6 5. Bd3 c5 6. c3 b6 7. Ne2 a5 8. Nf3 Ba6
9. Bxh6 gxh6 10. Bc2 Nc6 11. Ng3 cxd4 12. Nxd4 Nxd4 13. Qxd4 Qc7 14. f4 Bc5 15.
Qd2 d4 16. O-O-O O-O-O 17. Ne4 dxc3 18. Qxc3 Be7 19. Qh3 Bb7 20. Kb1 Kb8 21.
Qxh6 Bd5 22. Nc3 Bxg2 23. Rxd8+ Qxd8 24. Rg1 Bc6 25. f5 Qd4 26. Qg7 Bf8 27.
Qxh8 Qxg1+ 28. Nd1 Qg7 29. Qxg7 Bxg7 30. f6 Bh6 31. Bxh7 Bf4 32. Nf2 Bxh2 33.
Ng4 Bf4 34. Nf2 Bxe5 35. Bg8 Bxf6 36. Bxf7 Bd5 37. Nd3 Bg5 38. a3 Kc7 39. Kc2
Kd6 40. b4 axb4 41. Nxb4 Bf3 42. Nd3 e5 43. Bc4 e4 44. Ne1 Bg4 45. Kb3 Bd2 46.
Nc2 Bd1 47. Kb2 Kc5 48. Bf1 e3 49. Nxe3 Bxe3 50. Bd3 Bd4+ 51. Kb1 Bb3 52. Be2
b5 53. Bf3 Kb6 54. Bg4 Ka5 55. Be2 Ka4 56. Kc1 Bc3 57. Bd3 Bc4 58. Bc2+ Kxa3
59. Bb1 b4 60. Bf5 b3 61. Bb1 Be5 62. Kd2 Kb2 63. Bg6 Bf4+ 64. Kd1 Kc3 65. Bf5
b2 66. Bb1 Bd3 67. Ba2 Bg3 0-1

[Event "DEM U16w 2008"]
[Site "Willingen GER"]
[Date "2008.05.11"]
[Round "2"]
[White "Wild, Katharina"]
[Black "Stitterich, Nadine"]
[Result "0-1"]
[Termination "normal"]
[Board "5"]
[WhiteElo "1882"]
[BlackElo "1860"]
[PlyCount "86"]
[WhiteFideId "24678015"]
[BlackFideId "24676527"]
[EventCountry "GER"]
[EventRounds "9"]
[EventType "swiss"]
[EventDate "2008.05.10"]

1. c4 Nf6 2. Nc3 g6 3. e4 d6 4. d4 Bg7 5. f4 O-O 6. Nf3 Nbd7 7. Be2 b6 8. O-O
Bb7 9. e5 Ne4 10. Nxe4 Bxe4 11. Ng5 Bb7 12. e6 f6 13. Nf7 Rxf7 14. exf7+ Kxf7
15. f5 c5 16. b3 cxd4 17. Bb2 gxf5 18. Bh5+ Kg8 19. Qxd4 Rc8 20. Rad1 Ne5 21.
Qf4 Be4 22. Bd4 Ng6 23. Bxg6 hxg6 24. Qg3 Kf7 25. Bf2 Qc7 26. Rd2 Rh8 27. Rfd1
Bh6 28. Be3 g5 29. Bd4 f4 30. Qc3 e5 31. Bf2 Bf8 32. b4 Be7 33. b5 Qb7 34. g3
Qc8 35. Qb3 fxg3 36. Bxg3 Qe6 37. Qa4 f5 38. Rc1 f4 39. Re2 Bb7 40. Bf2 Qg4+
41. Kf1 Rxh2 42. Ke1 Rh1+ 43. Kd2 Rxc1 0-1

[Event "DEM U16w 2008"]
[Site "Willingen GER"]
[Date "2008.05.11"]
[Round "2"]
[White "Bochis, Julia"]
[Black "Dorn, Carina"]
[Result "1-0"]
[Termination "normal"]
[Board "6"]
[WhiteElo "1916"]
[BlackElo "1782"]
[PlyCount "83"]
[WhiteFideId "24647276"]
[BlackFideId "24666335"]
[EventCountry "GER"]
[EventRounds "9"]
[EventType "swiss"]
[EventDate "2008.05.10"]

1. e4 e6 2. d4 d5 3. Nc3 Bb4 4. e5 Qd7 5. Qg4 f5 6. Qg3 b6 7. Nh3 Ba6 8. Bxa6
Nxa6 9. Nf4 O-O-O 10. a3 Bxc3+ 11. Qxc3 Kb7 12. a4 Nb8 13. a5 g5 14. Ne2 h6 15.
Qa3 Ka8 16. Nc3 Rh7 17. Na4 Qb5 18. axb6 cxb6 19. Bd2 Rb7 20. b3 Rc8 21. Qa2 a6
22. Nc3 Qb4 23. Ne2 Qb5 24. h4 Rbc7 25. c3 f4 26. hxg5 hxg5 27. Rh5 Rg7 28. Rc1
Rcc7 29. c4 Qe8 30. Rh8 Rh7 31. Rxh7 Rxh7 32. Kd1 Qg6 33. Rc3 Rh1+ 34. Be1 Qe4
35. f3 Qh7 36. Kd2 Rh2 37. cxd5 exd5 38. b4 Rxg2 39. Qxd5+ Ka7 40. Qd6 Qh6 41.
Rc7+ Ka8 42. Qd5+ 1-0

[Event "DEM U16w 2008"]
[Site "Willingen GER"]
[Date "2008.05.11"]
[Round "2"]
[White "Mertens, Pauline"]
[Black "Voss, Chantal"]
[Result "1-0"]
[Termination "normal"]
[Board "7"]
[WhiteElo "1908"]
[BlackElo "1951"]
[PlyCount "97"]
[WhiteFideId "24671959"]
[BlackFideId "4664906"]
[EventCountry "GER"]
[EventRounds "9"]
[EventType "swiss"]
[EventDate "2008.05.10"]

1. e4 e6 2. d4 d5 3. Nc3 Bb4 4. e5 c5 5. a3 Ba5 6. b4 cxd4 7. Nb5 Bc7 8. f4 Bd7
9. Nxc7+ Qxc7 10. Bb2 Ba4 11. Rc1 Nc6 12. Nf3 Rc8 13. Bd3 Nge7 14. Qd2 a6 15.
Nxd4 Na7 16. c4 Qd7 17. O-O dxc4 18. Bxc4 Nac6 19. Qf2 O-O 20. Nb3 Bxb3 21.
Bxb3 Rfd8 22. Rfd1 Qe8 23. Bc2 Rc7 24. Rxd8 Qxd8 25. Rd1 Rd7 26. Rxd7 Qxd7 27.
g4 Nd5 28. Be4 Qd8 29. Kg2 Qb6 30. Qxb6 Nxb6 31. Bd3 h6 32. Kf3 Kf8 33. b5 axb5
34. Bxb5 Ke7 35. a4 f6 36. exf6+ gxf6 37. Ke4 Nd5 38. f5 Nc7 39. Ba3+ Kf7 40.
fxe6+ Kxe6 41. Bxc6 bxc6 42. Bc1 Nd5 43. Kd4 Kd6 44. Bxh6 Nb6 45. a5 Nd7 46.
Bf4+ Ke6 47. a6 Kf7 48. a7 c5+ 49. Kd5 1-0

[Event "DEM U16w 2008"]
[Site "Willingen GER"]
[Date "2008.05.11"]
[Round "2"]
[White "Mijatovic, Andrea"]
[Black "Falke, Cynthia"]
[Result "1-0"]
[Termination "normal"]
[Board "8"]
[WhiteElo "1864"]
[BlackElo "1227"]
[PlyCount "75"]
[WhiteFideId "14514524"]
[BlackFideId "24600644"]
[EventCountry "GER"]
[EventRounds "9"]
[EventType "swiss"]
[EventDate "2008.05.10"]

1. e4 e5 2. Nf3 Nc6 3. d4 exd4 4. Bc4 Nf6 5. O-O Nxe4 6. Re1 d5 7. Bxd5 Qxd5 8.
Nc3 Qa5 9. Nxe4 Be6 10. Neg5 O-O-O 11. Nxe6 fxe6 12. Rxe6 Bd6 13. Bg5 Rdf8 14.
Qe2 h6 15. Bh4 g5 16. Bg3 Bxg3 17. hxg3 Qf5 18. Rd1 Rd8 19. Re4 Qf6 20. Qd2 Qf5
21. Rde1 Qc5 22. a3 Rh7 23. b4 Qb6 24. Re8 Rhd7 25. R8e6 Rd6 26. Qd3 Rxe6 27.
Rxe6 Rd6 28. Qf5 Kb8 29. Rxh6 a6 30. Qxg5 Nd8 31. Rh8 c6 32. Qe7 Qc7 33. Qe5
Ka7 34. Ng5 Qd7 35. Rh7 Rd5 36. Rxd7 Rxe5 37. Rxd8 Rxg5 38. Rxd4 1-0

[Event "DEM U16w 2008"]
[Site "Willingen GER"]
[Date "2008.05.11"]
[Round "2"]
[White "Wisheckel, Lena"]
[Black "Velina, Valeria"]
[Result "1-0"]
[Termination "normal"]
[Board "9"]
[WhiteElo "1702"]
[BlackElo "1565"]
[PlyCount "89"]
[WhiteFideId "24691992"]
[BlackFideId "24677345"]
[EventCountry "GER"]
[EventRounds "9"]
[EventType "swiss"]
[EventDate "2008.05.10"]

1. e4 c5 2. Nf3 Nc6 3. d4 cxd4 4. Nxd4 Nf6 5. Nc3 e5 6. Nf3 Bb4 7. Bd2 d6 8.
Bd3 Bg4 9. h3 Bh5 10. g4 Bg6 11. Qe2 O-O 12. h4 h5 13. g5 Ng4 14. Nd5 Bc5 15.
Be3 Nxe3 16. Nxe3 Re8 17. Nd5 Nd4 18. Nxd4 Bxd4 19. c3 Bb6 20. Kd2 Qd7 21. Bb5
Qe6 22. Bxe8 Rxe8 23. Rae1 Qd7 24. Nxb6 axb6 25. Qd3 Qc6 26. f3 Rd8 27. Qd5
Qxd5+ 28. exd5 Ra8 29. a3 Ra5 30. Kc1 Kf8 31. Re3 Rxd5 32. Rd1 Rxd1+ 33. Kxd1
Ke7 34. c4 Ke6 35. Rb3 Kd7 36. Rxb6 Kc7 37. Rb4 f6 38. gxf6 gxf6 39. Kd2 Bf7
40. Ke3 f5 41. f4 e4 42. a4 Be6 43. Kd4 b6 44. Rb3 Kd7 45. Rxb6 1-0

[Event "DEM U16w 2008"]
[Site "Willingen GER"]
[Date "2008.05.11"]
[Round "2"]
[White "Kinzel, Tiffany"]
[Black "Sonnhalter, Stella"]
[Result "1-0"]
[Termination "normal"]
[Board "10"]
[WhiteElo "1659"]
[BlackElo "1530"]
[PlyCount "39"]
[WhiteFideId "4633741"]
[BlackFideId "4624815"]
[EventCountry "GER"]
[EventRounds "9"]
[EventType "swiss"]
[EventDate "2008.05.10"]

1. Nc3 c5 2. e4 Nc6 3. f4 g6 4. Nf3 Bg7 5. Bc4 e6 6. O-O Nge7 7. d3 O-O 8. Qe1
d6 9. a3 Rb8 10. Qh4 a6 11. f5 exf5 12. Bh6 b5 13. Ba2 Re8 14. Ng5 Ne5 15. Bxg7
Kxg7 16. Qxh7+ Kf8 17. Qh6+ Kg8 18. Bxf7+ Nxf7 19. Qh7+ Kf8 20. Qxf7# 1-0

[Event "DEM U16w 2008"]
[Site "Willingen GER"]
[Date "2008.05.11"]
[Round "2"]
[White "Schöbel, Ulrike"]
[Black "Niemeyer, Sarah"]
[Result "1-0"]
[Termination "normal"]
[Board "11"]
[WhiteElo "1258"]
[BlackElo "1649"]
[PlyCount "57"]
[BlackFideId "24692000"]
[EventCountry "GER"]
[EventRounds "9"]
[EventType "swiss"]
[EventDate "2008.05.10"]

1. d4 d5 2. Bf4 e6 3. Nf3 Nf6 4. e3 c5 5. c3 Nc6 6. Bd3 Be7 7. Nbd2 O-O 8. O-O
a6 9. Ne5 Bd6 10. Ndf3 Qc7 11. Nxc6 bxc6 12. Bxd6 Qxd6 13. Ne5 cxd4 14. cxd4 c5
15. Be2 Bd7 16. Rc1 cxd4 17. Qxd4 Bb5 18. Bxb5 axb5 19. Rc6 Qe7 20. a3 Ne4 21.
Rfc1 f6 22. Nd3 Rfb8 23. Rc7 Qe8 24. f3 Ra4 25. Nb4 Nd6 26. Qg4 Nf7 27. R1c6 g6
28. Rxe6 Qd8 29. Ree7 1-0

[Event "DEM U16w 2008"]
[Site "Willingen GER"]
[Date "2008.05.11"]
[Round "2"]
[White "Micklich, Rahel"]
[Black "Begeluri, Nino"]
[Result "1-0"]
[Termination "normal"]
[Board "12"]
[WhiteElo "1786"]
[BlackElo "1522"]
[PlyCount "99"]
[WhiteFideId "24639184"]
[EventCountry "GER"]
[EventRounds "9"]
[EventType "swiss"]
[EventDate "2008.05.10"]

1. d4 d5 2. c4 e6 3. Nc3 c5 4. Nf3 Nc6 5. Bg5 Be7 6. Bxe7 Ngxe7 7. e3 cxd4 8.
Nxd4 O-O 9. Nf3 a6 10. Qc2 d4 11. Rd1 e5 12. exd4 exd4 13. Bd3 Qa5 14. Bxh7+
Kh8 15. Nxd4 g6 16. Bxg6 Nxg6 17. O-O Qg5 18. Nxc6 bxc6 19. Qe4 Rb8 20. Qd4+
Qe5 21. b3 Qxd4 22. Rxd4 Kg7 23. Rd6 Bb7 24. Re1 Rfe8 25. Red1 Re7 26. Rd7 Rbe8
27. Rxe7 Rxe7 28. Kf1 Ne5 29. Re1 Ng6 30. Rxe7 Nxe7 31. Ne4 Nf5 32. Nc5 Bc8 33.
Ke2 Kf6 34. f4 Nd4+ 35. Kd3 Ne6 36. Ne4+ Ke7 37. g3 f5 38. Ng5 Nxg5 39. fxg5 c5
40. h4 Kf7 41. h5 Kg7 42. Ke3 Bd7 43. Kf4 a5 44. Ke5 a4 45. Kd6 axb3 46. axb3
Be8 47. h6+ Kh7 48. Kxc5 Bh5 49. b4 Bf3 50. b5 1-0